[Event "Krasnodar Winter op"]
[Site "Krasnodar"]
[Date "2014.12.23"]
[Round "8"]
[White "Frolov, Oleg"]
[Black "Pak, Nikita"]
[Result "1-0"]
[WhiteElo "1766"]
[BlackElo "1725"]
[PlyCount "45"]
[EventDate "2014.12.17"]
[EventType "swiss"]
[EventRounds "9"]
[EventCountry "RUS"]
[SourceTitle "CBM 164 Extra"]
[Source "ChessBase"]
[SourceDate "2015.03.02"]
[SourceVersion "1"]
[SourceVersionDate "2015.03.02"]
[SourceQuality "1"]

1. e4 c5 2. Bc4 a6 3. a4 e6 4. Nc3 Nf6 5. e5 Nd5 6. Nxd5 exd5 7. Bxd5 Qc7 8. f4 Be7 9. Nf3 0-0 10. 0-0 d6 11. d3 Bg4 12. h3 Be6 13. c4 Bxd5 14. cxd5 dxe5 15. fxe5 Qd7 16. d6 Bd8 17. Be3 b6 18. d4 cxd4 19. Nxd4 f6 20. Qb3+ Kh8 21. Qd5 Qa7 22. e6 h6 23. e7 1-0

[Event "Krasnodar Winter op"]
[Site "Krasnodar"]
[Date "2014.12.20"]
[Round "4"]
[White "Rybakova, Galina"]
[Black "Frolov, Oleg"]
[Result "0-1"]
[WhiteElo "1337"]
[BlackElo "1766"]
[PlyCount "40"]
[EventDate "2014.12.17"]
[EventType "swiss"]
[EventRounds "9"]
[EventCountry "RUS"]
[SourceTitle "CBM 164 Extra"]
[Source "ChessBase"]
[SourceDate "2015.03.02"]
[SourceVersion "1"]
[SourceVersionDate "2015.03.02"]
[SourceQuality "1"]

1. d4 d5 2. e3 e6 3. Nc3 Nf6 4. Nf3 b6 5. Be2 Ba6 6. Bxa6 Nxa6 7. a3 c5 8. 0-0 Nc7 9. Ne2 Bd6 10. Bd2 h6 11. h3 g5 12. Nh2 h5 13. g3 Ne4 14. Be1 h4 15. g4 f5 16. Kh1 Qf6 17. c3 fxg4 18. hxg4 Ke7 19. Ng1 Ng3+ 20. fxg3 hxg3 0-1

[Event "Krasnodar Region Cup"]
[Site "Krasnodar"]
[Date "2013.01.29"]
[Round "7"]
[White "Frolov, Oleg"]
[Black "Chumak, Vadim"]
[Result "1/2-1/2"]
[WhiteElo "1848"]
[BlackElo "1611"]
[PlyCount "141"]
[EventDate "2013.01.23"]
[EventType "swiss"]
[EventRounds "8"]
[EventCountry "RUS"]
[SourceTitle "EXT 2023"]
[Source "ChessBase"]
[SourceDate "2022.10.05"]
[SourceVersion "1"]
[SourceVersionDate "2022.10.05"]
[SourceQuality "1"]

1. e4 c5 2. Nc3 Nc6 3. f4 g6 4. Nf3 Bg7 5. a3 e6 6. e5 d6 7. Bb5 Nge7 8. Ne4 dxe5 9. fxe5 0-0 10. 0-0 Nxe5 11. d3 b6 12. Nxe5 Qd4+ 13. Kh1 Qxe5 14. Bf4 Qxb2 15. Rb1 Qd4 16. Bd6 f5 17. Bxe7 Rf7 18. Bxc5 bxc5 19. Bc6 Bb7 20. Bxb7 Rb8 21. c3 Qe5 22. Bc6 fxe4 23. Rxb8+ Qxb8 24. Rxf7 Kxf7 25. Bxe4 Bxc3 26. Qf3+ Kg7 27. h4 Be5 28. g4 Qb1+ 29. Kg2 Qb2+ 30. Qf2 Qxa3 31. h5 Qb2 32. hxg6 Qxf2+ 33. Kxf2 hxg6 34. Bc6 Kf6 35. Kf3 Bd4 36. Ke4 g5 37. Ba4 Ke7 38. Bb3 a5 39. Ba4 Kd6 40. Be8 Kc7 41. Ba4 Bb2 42. Bb5 Kd6 43. Be8 Bc1 44. Ba4 Bf4 45. Bb5 e5 46. Ba4 c4 47. d4 c3 48. d5 Kc5 49. Bb3 Kb5 50. Bc2 a4 51. d6 Kc6 52. d7 Kxd7 53. Bxa4+ Kd6 54. Kd3 Bd2 55. Ke4 Be1 56. Bb3 Bf2 57. Kd3 Bd4 58. Bd1 Kc5 59. Bf3 Kb4 60. Kc2 Be3 61. Bd5 Kc5 62. Bb3 Kd4 63. Kd1 e4 64. Ke2 Bd2 65. Bc2 Kc4 66. Bxe4 Kd4 67. Bc2 Ke5 68. Kf3 Kd5 69. Be4+ Kc4 70. Bc2 Kb4 71. Ke2 1/2-1/2

[Event "Krasnodar Region Cup"]
[Site "Krasnodar"]
[Date "2013.01.26"]
[Round "4"]
[White "Gurianov, Daniil"]
[Black "Frolov, Oleg"]
[Result "1-0"]
[WhiteElo "1690"]
[BlackElo "1848"]
[PlyCount "63"]
[EventDate "2013.01.23"]
[EventType "swiss"]
[EventRounds "8"]
[EventCountry "RUS"]
[SourceTitle "EXT 2023"]
[Source "ChessBase"]
[SourceDate "2022.10.05"]
[SourceVersion "1"]
[SourceVersionDate "2022.10.05"]
[SourceQuality "1"]

1. e4 c5 2. Nf3 Nc6 3. d4 cxd4 4. Nxd4 e6 5. Nc3 a6 6. Be2 Nge7 7. 0-0 b5 8. a3 Bb7 9. Be3 Rc8 10. Re1 Ng6 11. Bf1 Qf6 12. Qd2 Be7 13. Rad1 Nh4 14. Ndxb5 Ne5 15. Nd6+ Kf8 16. Nxb7 Nhf3+ 17. gxf3 Nxf3+ 18. Kg2 Nxd2 19. Rxd2 Qg6+ 20. Kh1 Rc7 21. Na5 Bxa3 22. bxa3 Rxc3 23. Rxd7 Qxe4+ 24. Bg2 Qh4 25. Red1 Rc8 26. Nc6 f6 27. Bc5+ Kg8 28. Ne7+ Kf8 29. Nxc8+ Kg8 30. Ne7+ Kf8 31. Ng6+ Kg8 32. Nxh4 1-0

[Event "Krasnodar Winter B"]
[Site "Krasnodar"]
[Date "2011.02.05"]
[Round "6"]
[White "Likhopek, Vladimir"]
[Black "Frolov, Oleg"]
[Result "0-1"]
[WhiteElo "1778"]
[BlackElo "1796"]
[PlyCount "72"]
[EventDate "2011.02.02"]
[EventType "tourn"]
[EventRounds "13"]
[EventCountry "RUS"]
[SourceTitle "EXT 2022"]
[Source "ChessBase"]
[SourceDate "2021.10.06"]
[SourceVersion "1"]
[SourceVersionDate "2021.10.06"]
[SourceQuality "1"]

1. e4 c5 2. Nf3 Nc6 3. d4 cxd4 4. Nxd4 e6 5. g3 Nxd4 6. Qxd4 b6 7. Bg2 Ba6 8. Qa4 Qc8 9. b4 Qc4 10. Bf3 Bxb4+ 11. Kd1 Bb5 12. Nd2 Qd4 13. Qxb5 Bxd2 14. Bxd2 Qxa1+ 15. Ke2 Qxa2 16. Rd1 Ne7 17. Bb4 Qxc2+ 18. Ke1 Nc6 19. Bd6 Qc3+ 20. Rd2 Qxf3 21. Qg5 Qxe4+ 22. Kf1 Qg6 23. Qf4 Qf5 24. Qa4 Qa5 25. Qf4 f6 26. Rd1 Qb5+ 27. Kg1 0-0-0 28. Rc1 Kb7 29. Qf3 Qd5 30. Qa3 Nd4 31. Ra1 Nf3+ 32. Kf1 Nxh2+ 33. Kg1 Nf3+ 34. Kf1 a5 35. Bf4 Nd4 36. Be3 Qh1# 0-1

[Event "Krasnodar Winter B"]
[Site "Krasnodar"]
[Date "2011.02.04"]
[Round "5"]
[White "Frolov, Oleg"]
[Black "Sarian, Ashot"]
[Result "0-1"]
[WhiteElo "1796"]
[BlackElo "1765"]
[PlyCount "62"]
[EventDate "2011.02.02"]
[EventType "tourn"]
[EventRounds "13"]
[EventCountry "RUS"]
[SourceTitle "EXT 2022"]
[Source "ChessBase"]
[SourceDate "2021.10.06"]
[SourceVersion "1"]
[SourceVersionDate "2021.10.06"]
[SourceQuality "1"]

1. e4 e6 2. Nc3 d5 3. d4 Nf6 4. e5 Nfd7 5. Bd3 c5 6. Bb5 Qb6 7. Nf3 Nc6 8. Bxc6 bxc6 9. dxc5 Bxc5 10. 0-0 Ba6 11. Na4 Qb5 12. Nxc5 Nxc5 13. Re1 0-0 14. Nd4 Qb7 15. Re3 Rab8 16. Rh3 g6 17. b3 Nd7 18. Qd2 Nxe5 19. Qh6 f6 20. Nxe6 Rfe8 21. Nd4 c5 22. Nf3 Nxf3+ 23. gxf3 Re1+ 24. Kg2 Bf1+ 25. Kg3 Bxh3 26. Qxh3 Rg1+ 27. Kf4 Qc7+ 28. Ke3 Qe5+ 29. Kd3 Rd1+ 30. Bd2 Qd4+ 31. Ke2 Qxd2# 0-1

[Event "Krasnodar Winter B"]
[Site "Krasnodar"]
[Date "2011.02.03"]
[Round "3"]
[White "Frolov, Oleg"]
[Black "Shcheglov, Vladimir A"]
[Result "1-0"]
[WhiteElo "1796"]
[BlackElo "1727"]
[PlyCount "81"]
[EventDate "2011.02.02"]
[EventType "tourn"]
[EventRounds "13"]
[EventCountry "RUS"]
[SourceTitle "EXT 2022"]
[Source "ChessBase"]
[SourceDate "2021.10.06"]
[SourceVersion "1"]
[SourceVersionDate "2021.10.06"]
[SourceQuality "1"]

1. e4 e6 2. Nc3 e5 3. Bc4 Nf6 4. d3 h6 5. f4 d6 6. fxe5 dxe5 7. Nf3 Nc6 8. 0-0 Bc5+ 9. Kh1 Bg4 10. Nd5 Qd6 11. c3 0-0-0 12. b4 Bb6 13. a4 a5 14. Ba3 Qd7 15. Qb3 Bxf3 16. Rxf3 axb4 17. Bxb4 Nxb4 18. Nxb4 c6 19. Bxf7 Kc7 20. Rb1 Rb8 21. Be6 Qd6 22. Bf5 Rhf8 23. Rg3 g5 24. Rf3 Bc5 25. a5 Bxb4 26. cxb4 Ra8 27. Rff1 Rad8 28. Rfd1 Nh5 29. b5 c5 30. b6+ Kb8 31. Qc4 Rxf5 32. exf5 Nf4 33. Rb3 Qc6 34. Qc2 h5 35. Rc3 Rc8 36. Rc1 Qd7 37. Rxc5 Rxc5 38. Qxc5 Qd8 39. Qxe5+ Ka8 40. g3 Nxd3 41. Qd4 1-0

[Event "Krasnodar Autumn Rating"]
[Site "Krasnodar"]
[Date "2010.11.30"]
[Round "9"]
[White "Frolov, Oleg"]
[Black "Sluzhilov, Aleksandr"]
[Result "0-1"]
[WhiteElo "1776"]
[BlackElo "2028"]
[PlyCount "104"]
[EventDate "2010.11.25"]
[EventType "tourn"]
[EventRounds "13"]
[EventCountry "RUS"]
[SourceTitle "EXT 2022"]
[Source "ChessBase"]
[SourceDate "2021.10.06"]
[SourceVersion "1"]
[SourceVersionDate "2021.10.06"]
[SourceQuality "1"]

1. e4 g6 2. Nc3 Bg7 3. Bc4 d6 4. d3 Nf6 5. Bg5 Nbd7 6. Nf3 c6 7. 0-0 b5 8. Bb3 Qc7 9. a3 0-0 10. Re1 Ne5 11. Nxe5 dxe5 12. Qd2 Rd8 13. Re3 h6 14. Bh4 g5 15. Bg3 Nh5 16. h3 Nf4 17. Rf3 e6 18. Qe3 Qe7 19. Kh2 Kh7 20. Rh1 f5 21. Kg1 Ng6 22. Qe2 f4 23. Bh2 Nh4 24. g3 Nxf3+ 25. Qxf3 Bd7 26. Kg2 c5 27. Qg4 Rf8 28. f3 Rf6 29. Kf2 fxg3+ 30. Bxg3 Raf8 31. h4 Rxf3+ 32. Ke2 c4 33. Ba2 Qc5 34. Qxf3 Rxf3 35. Kxf3 Kg6 36. h5+ Kh7 37. dxc4 bxc4 38. Bf2 Qc7 39. Be3 Be8 40. Kg3 Bf8 41. Rf1 Bc5 42. Bc1 Bxh5 43. Rf6 Qg7 44. Rf1 Bd4 45. Bxc4 Bxc3 46. bxc3 Qc7 47. Bd3 Qxc3 48. Rh1 Be2 49. Bxg5 h5 50. Be3 Kg6 51. Kf2 Bxd3 52. cxd3 Qxd3 0-1

[Event "Krasnodar Autumn Rating"]
[Site "Krasnodar"]
[Date "2010.11.30"]
[Round "10"]
[White "Sverkunov, Oleg"]
[Black "Frolov, Oleg"]
[Result "1-0"]
[WhiteElo "1878"]
[BlackElo "1776"]
[PlyCount "69"]
[EventDate "2010.11.25"]
[EventType "tourn"]
[EventRounds "13"]
[EventCountry "RUS"]
[SourceTitle "EXT 2022"]
[Source "ChessBase"]
[SourceDate "2021.10.06"]
[SourceVersion "1"]
[SourceVersionDate "2021.10.06"]
[SourceQuality "1"]

1. c4 b6 2. d4 e6 3. e4 Bb7 4. Bd3 Bb4+ 5. Bd2 Bxd2+ 6. Nxd2 Nc6 7. Ngf3 d6 8. 0-0 Qf6 9. d5 Ne5 10. Nxe5 Qxe5 11. Qa4+ Ke7 12. Qc2 g5 13. Nf3 Qg7 14. b4 h5 15. c5 Rc8 16. c6 Ba8 17. Ba6 Nf6 18. Bxc8 Rxc8 19. Rad1 h4 20. Nd4 g4 21. Qc4 g3 22. fxg3 hxg3 23. h3 Qg5 24. Rde1 Nh5 25. dxe6 Nf4 26. Nf5+ Kf8 27. e7+ Kg8 28. Re3 d5 29. exd5 Qxf5 30. e8Q+ Kh7 31. Qee4 Qxe4 32. Qxe4+ Ng6 33. Rxf7+ Kh6 34. Rxg3 Rg8 35. Qe6 1-0

[Event "Krasnodar Region-ch"]
[Site "Krasnodar"]
[Date "2010.10.24"]
[Round "9"]
[White "Frolov, Oleg"]
[Black "Bargandzhiya, Zaza"]
[Result "0-1"]
[WhiteElo "1783"]
[BlackElo "2089"]
[PlyCount "212"]
[EventDate "2010.10.16"]
[EventType "swiss"]
[EventRounds "9"]
[EventCountry "RUS"]
[SourceTitle "EXT 2022"]
[Source "ChessBase"]
[SourceDate "2021.10.06"]
[SourceVersion "1"]
[SourceVersionDate "2021.10.06"]
[SourceQuality "1"]

1. e4 c5 2. Nc3 Nc6 3. Nf3 g6 4. Bb5 Bg7 5. d3 d6 6. 0-0 Bd7 7. Be3 Nf6 8. Rb1 0-0 9. a3 Ng4 10. Bf4 Nge5 11. Nxe5 Nxe5 12. Bxd7 Qxd7 13. Qd2 Rfc8 14. h3 Rab8 15. Be3 b5 16. f4 Nc6 17. f5 b4 18. axb4 Rxb4 19. b3 Rb7 20. Nd5 Nb4 21. f6 Nxd5 22. fxg7 Nxe3 23. Qxe3 Kxg7 24. Rf4 h5 25. Rbf1 e5 26. Rf6 Rf8 27. R1f5 Rh8 28. Qg5 Rh6 29. h4 a5 30. Kf2 Qe7 31. Ke2 Rh8 32. Rf3 Rd7 33. Kd2 Rh7 34. Kc3 Rb7 35. Rf1 Rh8 36. Kd2 Qd7 37. g3 Qd8 38. c3 Rd7 39. Kc2 Qa8 40. Ra1 Qd8 41. Raf1 Qb8 42. Qd2 Rb7 43. c4 Rf8 44. Qf2 a4 45. Kd2 axb3 46. g4 b2 47. gxh5 b1Q 48. h6+ Kh7 49. Ke3 Qxf1 50. Qxf1 Rb1 51. Qf2 Rh1 52. Rxf7+ Rxf7 53. Qxf7+ Kxh6 54. Qe7 Rf1 55. Qg5+ Kg7 56. h5 Qe8 57. Ke2 Rf4 58. Kd2 Qf7 59. Kc3 Qf6 60. Qg2 g5 61. Qa2 Kh6 62. Qe2 Rf2 63. Qg4 Rh2 64. Kb3 Rxh5 65. Ka4 Rh1 66. Kb5 Qe7 67. Kc6 Rb1 68. Qh3+ Kg7 69. Qc8 g4 70. Qxg4+ Kh6 71. Qh3+ Kg6 72. Qf5+ Kg7 73. Qg4+ Kf7 74. Qh5+ Kg7 75. Qg4+ Kh6 76. Qh3+ Kg5 77. Qg3+ Kh6 78. Qh3+ Kg5 79. Qg3+ Kh5 80. Qf3+ Kh4 81. Qf2+ Kh3 82. Qf3+ Kh2 83. Qf2+ Kh3 84. Qf3+ Kh4 85. Qf2+ Kh5 86. Qf5+ Qg5 87. Qh3+ Kg6 88. Qe6+ Qf6 89. Qg8+ Kh6 90. Qg2 Rf1 91. Qh3+ Kg6 92. Qg4+ Kf7 93. Qd7+ Qe7 94. Qh3 Rf6 95. Qh5+ Kg8 96. Qg4+ Kf8 97. Kb5 Qb7+ 98. Ka5 Rf7 99. Qg6 Qa7+ 100. Kb5 Rb7+ 101. Kc6 Rb6+ 102. Kd5 Qb7+ 103. Ke6 Qe7+ 104. Kf5 Qf7+ 105. Qf6 Qxf6+ 106. Kxf6 Rb3 0-1

[Event "Krasnodar Summer"]
[Site "Krasnodar"]
[Date "2010.07.01"]
[Round "10"]
[White "Frolov, Oleg"]
[Black "Maslianok, Sergey"]
[Result "0-1"]
[WhiteElo "1785"]
[BlackElo "2031"]
[PlyCount "110"]
[EventDate "2010.05.22"]
[EventType "tourn"]
[EventRounds "15"]
[EventCountry "RUS"]
[SourceTitle "EXT 2022"]
[Source "ChessBase"]
[SourceDate "2021.10.06"]
[SourceVersion "1"]
[SourceVersionDate "2021.10.06"]
[SourceQuality "1"]

1. e3 h6 2. b3 a6 3. g3 e5 4. Bb2 Nc6 5. Bg2 d6 6. Ne2 Bg4 7. h3 Be6 8. d3 Qd7 9. Nd2 f5 10. f4 Be7 11. Nc3 Nf6 12. Qf3 0-0-0 13. a4 g5 14. Qf2 gxf4 15. exf4 exf4 16. Qxf4 Nh5 17. Qf3 Nf6 18. b4 d5 19. b5 Nd4 20. Qd1 Qd6 21. Nf1 a5 22. Qd2 Nh5 23. Qf2 Qe5+ 24. Kd1 Rhg8 25. Ne2 Qxe2+ 26. Qxe2 Nxe2 27. Kxe2 Nxg3+ 28. Nxg3 Rxg3 29. Bf3 Bd6 30. Bd4 f4 31. h4 Re8 32. Kf2 c5 33. bxc6 bxc6 34. Rab1 Bg4 35. Bxg4+ Rxg4 36. Rbg1 h5 37. Kf3 c5 38. Bf2 Reg8 39. Rb1 d4 40. Rb6 Kc7 41. Rhb1 Re8 42. Rb7+ Kc6 43. R1b6+ Kd5 44. Rh7 Re3+ 45. Bxe3 Rg3+ 46. Ke2 dxe3 47. Rxh5+ Be5 48. Rh7 Kd4 49. Rb3 Rg2+ 50. Kf1 e2+ 51. Ke1 f3 52. Rd7+ Ke3 53. d4+ Ke4 54. Kd2 Bf4+ 55. Kc3 e1Q+ 0-1

[Event "Krasnodar Summer"]
[Site "Krasnodar"]
[Date "2010.06.27"]
[Round "6"]
[White "Frolov, Oleg"]
[Black "Trubchaninov, Timur"]
[Result "1-0"]
[WhiteElo "1785"]
[BlackElo "1757"]
[PlyCount "107"]
[EventDate "2010.05.22"]
[EventType "tourn"]
[EventRounds "15"]
[EventCountry "RUS"]
[SourceTitle "EXT 2022"]
[Source "ChessBase"]
[SourceDate "2021.10.06"]
[SourceVersion "1"]
[SourceVersionDate "2021.10.06"]
[SourceQuality "1"]

1. e4 c5 2. c3 d5 3. exd5 Qxd5 4. Nf3 Nf6 5. Be2 Nc6 6. 0-0 e6 7. Na3 Be7 8. Bc4 Qd8 9. Re1 0-0 10. Bb3 Bd7 11. d4 cxd4 12. Nxd4 Nxd4 13. Qxd4 Bc6 14. Nc2 Qa5 15. Re5 Qc7 16. f4 Rfd8 17. Qf2 Ng4 18. Qg3 Nxe5 19. fxe5 Bc5+ 20. Kh1 Kh8 21. Bg5 Be7 22. Be3 Bd5 23. Rf1 Bf8 24. Nd4 Bxb3 25. axb3 a6 26. Qf4 Kg8 27. h4 Re8 28. h5 h6 29. Rf3 Qe7 30. Rg3 Kh8 31. Qg4 Kh7 32. Nf3 Rad8 33. Qe4+ Kh8 34. Bxh6 Rd1+ 35. Kh2 Rdd8 36. Be3 Rd7 37. Ng5 g6 38. hxg6 fxg6 39. Qxg6 Qg7 40. Qxe8 Re7 41. Qh5+ Kg8 42. Nh3 Qxg3+ 43. Kxg3 Rg7+ 44. Kf3 Rf7+ 45. Ke2 Rg7 46. g4 Rh7 47. Qg6+ Rg7 48. Qxe6+ Kh8 49. Ng5 Re7 50. Nf7+ Kg8 51. Qg6+ Bg7 52. Nh6+ Kh8 53. Nf7+ Kg8 54. e6 1-0

[Event "Krasnodar Summer"]
[Site "Krasnodar"]
[Date "2010.06.22"]
[Round "1"]
[White "Morozov, Ruslan"]
[Black "Frolov, Oleg"]
[Result "1-0"]
[WhiteElo "1954"]
[BlackElo "1785"]
[PlyCount "51"]
[EventDate "2010.05.22"]
[EventType "tourn"]
[EventRounds "15"]
[EventCountry "RUS"]
[SourceTitle "EXT 2022"]
[Source "ChessBase"]
[SourceDate "2021.10.06"]
[SourceVersion "1"]
[SourceVersionDate "2021.10.06"]
[SourceQuality "1"]

1. Nc3 Nf6 2. d4 d5 3. Bf4 Bf5 4. f3 h6 5. g4 Bg6 6. h4 e6 7. Qd2 Bd6 8. Nh3 Nc6 9. 0-0-0 Nb4 10. g5 hxg5 11. Bxd6 cxd6 12. hxg5 Nd7 13. e4 dxe4 14. Nb5 Nxc2 15. Qxc2 exf3 16. Bd3 Bh5 17. Nc7+ Ke7 18. Nxa8 Qxa8 19. Kb1 Nb6 20. Qc7+ Nd7 21. Bb5 Bg6+ 22. Ka1 Rd8 23. Nf4 Bf5 24. Rde1 b6 25. Bc6 f2 26. Nd5+ 1-0

[Event "Krasnodar Spring-B"]
[Site "Krasnodar"]
[Date "2010.04.10"]
[Round "7"]
[White "Frolov, Oleg"]
[Black "Glazkov, Arseny"]
[Result "0-1"]
[WhiteElo "1813"]
[BlackElo "2161"]
[PlyCount "116"]
[EventDate "2010.04.08"]
[EventType "tourn"]
[EventRounds "13"]
[EventCountry "RUS"]
[SourceTitle "EXT 2012"]
[Source "ChessBase"]
[SourceDate "2011.11.24"]
[SourceVersion "1"]
[SourceVersionDate "2011.11.24"]
[SourceQuality "1"]

1. e4 c5 2. Nc3 a6 3. Nf3 d6 4. Bc4 Nf6 5. d3 b5 6. Bb3 e6 7. e5 dxe5 8. Nxe5 Bb7 9. Qe2 Be7 10. Nxf7 Kxf7 11. Qxe6+ Ke8 12. Qf7+ Kd7 13. Be6+ Kc7 14. Bf4+ Kb6 15. Bb3 Nc6 16. 0-0-0 Rf8 17. Qe6 Bc8 18. Qe3 Qd4 19. Qd2 Bf5 20. Rde1 Rae8 21. f3 Bd6 22. Bxd6 Qxd6 23. a4 Nd4 24. a5+ Kb7 25. Ba2 h6 26. Ne4 Nxe4 27. fxe4 Be6 28. Bxe6 Qxe6 29. Kb1 Rf7 30. Rhf1 Ref8 31. Qd1 Rf2 32. Rxf2 Rxf2 33. c3 Qb3 34. Qxb3 Nxb3 35. Re3 c4 36. dxc4 bxc4 37. Re1 Kc6 38. e5 Kd7 39. Ka2 Ke6 40. Ka3 Nxa5 41. Kb4 Nc6+ 42. Kxc4 Rxb2 43. Ra1 a5 44. Kc5 Nxe5 45. Rxa5 Rxg2 46. Ra6+ Kf5 47. Ra7 g5 48. Ra6 Rxh2 49. Kd4 h5 50. c4 Rh4+ 51. Ke3 Rxc4 52. Ra8 h4 53. Rf8+ Kg4 54. Re8 Ng6 55. Re6 Nf4 56. Rh6 h3 57. Kf2 Rc2+ 58. Kg1 Kg3 0-1

[Event "Krasnodar Spring-B"]
[Site "Krasnodar"]
[Date "2010.04.10"]
[Round "8"]
[White "Papazian, Sergey"]
[Black "Frolov, Oleg"]
[Result "1-0"]
[WhiteElo "1956"]
[BlackElo "1813"]
[PlyCount "59"]
[EventDate "2010.04.08"]
[EventType "tourn"]
[EventRounds "13"]
[EventCountry "RUS"]
[SourceTitle "EXT 2012"]
[Source "ChessBase"]
[SourceDate "2011.11.24"]
[SourceVersion "1"]
[SourceVersionDate "2011.11.24"]
[SourceQuality "1"]

1. d4 d5 2. Nf3 e6 3. g3 Nf6 4. Bg2 b6 5. c4 Ba6 6. Ne5 Bb4+ 7. Nc3 0-0 8. 0-0 Be7 9. e4 c6 10. exd5 exd5 11. b3 Bb4 12. Bb2 dxc4 13. bxc4 Qc7 14. Nb5 Qc8 15. Qb3 Be7 16. Rac1 Nfd7 17. Ng4 Nc5 18. Nh6+ gxh6 19. dxc5 Nd7 20. Nd6 Qc7 21. Nf5 f6 22. Nxe7+ Kf7 23. Nxc6 Nxc5 24. Bd5+ Kg7 25. Qf3 Rae8 26. Rfe1 Qd7 27. Nd4 Bc8 28. Rxe8 Qxe8 29. Nf5+ Kg6 30. Qg4# 1-0

[Event "Krasnodar Spring-B"]
[Site "Krasnodar"]
[Date "2010.04.08"]
[Round "2"]
[White "Sverkunov, Oleg"]
[Black "Frolov, Oleg"]
[Result "0-1"]
[WhiteElo "1886"]
[BlackElo "1813"]
[PlyCount "82"]
[EventDate "2010.04.08"]
[EventType "tourn"]
[EventRounds "13"]
[EventCountry "RUS"]
[SourceTitle "EXT 2012"]
[Source "ChessBase"]
[SourceDate "2011.11.24"]
[SourceVersion "1"]
[SourceVersionDate "2011.11.24"]
[SourceQuality "1"]

1. Nf3 d5 2. c4 e6 3. g3 Nf6 4. b3 c5 5. Bg2 Nc6 6. cxd5 exd5 7. 0-0 Bg4 8. Bb2 Rc8 9. d3 Be7 10. Nbd2 b5 11. a4 a6 12. axb5 axb5 13. Ne5 Nxe5 14. Bxe5 Be6 15. Ra6 0-0 16. Qa1 Ra8 17. Rc1 Rxa6 18. Qxa6 Qd7 19. Bxf6 gxf6 20. Ra1 c4 21. bxc4 dxc4 22. Bc6 Qd4 23. Nf3 Qb2 24. dxc4 bxc4 25. Qa2 Qxa2 26. Rxa2 Bc5 27. Rc2 Rb8 28. Nd2 Rb4 29. e3 Kf8 30. Be4 h6 31. Bf3 Ke8 32. Be2 Bh3 33. Bxc4 Bb6 34. Bf1 Bf5 35. Rc1 Bd7 36. Bg2 Bb5 37. Ne4 Bd3 38. Nc3 Bc4 39. Bd5 Kf8 40. Bxc4 Rxc4 41. Ne2 Rb4 0-1

[Event "Krasnodar Cup op"]
[Site "Krasnodar"]
[Date "2009.12.13"]
[Round "2"]
[White "Frolov, Oleg"]
[Black "Sluzhilov, Aleksandr"]
[Result "1-0"]
[WhiteElo "1799"]
[BlackElo "2007"]
[PlyCount "43"]
[EventDate "2009.12.12"]
[EventType "swiss"]
[EventRounds "9"]
[EventCountry "RUS"]
[SourceTitle "EXT 2012"]
[Source "ChessBase"]
[SourceDate "2011.11.24"]
[SourceVersion "1"]
[SourceVersionDate "2011.11.24"]
[SourceQuality "1"]

1. e4 g6 2. Nc3 Bg7 3. Bc4 d6 4. d3 Nf6 5. Nf3 0-0 6. 0-0 c6 7. Bb3 b5 8. e5 dxe5 9. Nxe5 Nd5 10. Re1 Qd6 11. f4 Nxc3 12. bxc3 Qc5+ 13. Kh1 Qxc3 14. Rb1 Qd4 15. Qf3 Qd6 16. Bb2 Bb7 17. f5 Nd7 18. Nxf7 Rxf7 19. fxg6 Qxg6 20. Rxe7 Kh8 21. Qxf7 Qxf7 22. Rxf7 1-0

[Event "Krasnodar November-B"]
[Site "Krasnodar"]
[Date "2009.11.22"]
[Round "10"]
[White "Chigrinova, Alla"]
[Black "Frolov, Oleg"]
[Result "0-1"]
[WhiteElo "1709"]
[BlackElo "1799"]
[PlyCount "70"]
[EventDate "2009.11.15"]
[EventType "tourn"]
[EventRounds "15"]
[EventCountry "RUS"]
[SourceTitle "EXT 2012"]
[Source "ChessBase"]
[SourceDate "2011.11.24"]
[SourceVersion "1"]
[SourceVersionDate "2011.11.24"]
[SourceQuality "1"]

1. e4 c5 2. Nf3 Nc6 3. d3 d5 4. g3 dxe4 5. dxe4 Qxd1+ 6. Kxd1 Bg4 7. Be2 0-0-0+ 8. Ke1 Nf6 9. Nc3 Nb4 10. Kf1 Nxc2 11. Rb1 Bxf3 12. Bxf3 e6 13. Bf4 Be7 14. Rc1 Nd4 15. Bg2 Rd7 16. h3 Rhd8 17. Kg1 Nc6 18. Kh2 Bd6 19. Bxd6 Rxd6 20. Rhd1 Rxd1 21. Rxd1 Rxd1 22. Nxd1 e5 23. Nc3 Kc7 24. Nd5+ Nxd5 25. exd5 Ne7 26. f4 exf4 27. gxf4 Kd6 28. Kg3 Nxd5 29. Be4 g6 30. f5 b5 31. fxg6 hxg6 32. h4 c4 33. Kg4 Nf6+ 34. Kf4 Nxe4 35. Kxe4 f5+ 0-1